| 000 | 00671na a2200217 4500 | ||
|---|---|---|---|
| 001 | 18971 | ||
| 003 | MIRAKIL | ||
| 005 | 20181213155051.0 | ||
| 008 | 161206b tu 000 0 | ||
| 040 |
_aMilas _btur _cTR-AnCHP |
||
| 041 | _atur | ||
| 082 |
_a338.76 _bK26i 1994 |
||
| 090 | _a338.76 K26i 1994 | ||
| 110 | _aKarabük Demir Çelik Fabrikaları | ||
| 245 |
_aİnceleme kurulu raporu _cKarabük Demir Çelik Fabrikaları |
||
| 260 |
_aAnkara _b[Karabük Demir Çelik Fabrikaları] _c1994 |
||
| 300 |
_ax,109 s. _btbl.;graf. _c30 sm. |
||
| 610 | _aKarabük Demir Çelik Fabrikaları | ||
| 650 |
_aTicari işletmeler _xyapıları _yraporlar |
||
| 942 |
_2ddc _cBKS |
||
| 999 |
_c5928 _d5928 |
||